000 00986nam a22002897a 4500
001 BR9401928
003 BR-BrBNA
005 20230928093923.0
007 ta
008 230509b bl.||||| |||| 00| 0 por d
040 _aBR-BrBNA
_bpor
_cBiblioteca Nacional de Agricultura
041 _a(Por)
072 _aL51; L02
_b6100
_b8954
090 _ 6100 BR9401928
100 1 _aBarbosa, M.J.B.
110 1 _aUniversidade Federal de Minas Gerais, Belo Horizonte (Brasil). Escola de Veterinaria
_0Tese (Mestrado)
245 1 _aEfeitos de niveis de energia metabolizavel e da forma fisica da racao sobre o desempenho de frangos de corte criados com separacao de sexo
260 3 _aBelo Horizonte, MG (Brasil):
_c1992.
300 _a70 p.
500 _aBibliography p. 65-70 (64 ref.); Summary (Por); 35 tables
650 _aFrango de Corte
650 _aSuplemento Energetico
650 _aRacao
650 _aPerformance
909 _a202309
_bLucia
_c55
_dLucia Elande
942 _cBK
999 _c47910
_d47910